000
nam a22 7a 4500
999
_c
46526
_d
46526
003
OSt
005
20190418100518.0
008
190418b xxu||||| |||| 00| 0 eng d
040
_c
IIMT UNIVERSITY
100
_a
KAPOOR JACK. R
245
_a
PERSONAL FINANCE
260
_a
NEW DELHI
_b
TMH PUB
_c
2008
300
_a
643
942
_2
ddc
_c
02
_e
2008